[Event "Bolton Easter Open"]
[Site "Bolton"]
[Date "2018.04.01"]
[Round "5.4"]
[White "Leah, Thomas"]
[Black "Starley, Robert"]
[Result "0-1"]
[WhiteElo "1968"]
[BlackElo "2092"]
[Annotator "Ian"]
[PlyCount "146"]
[EventDate "2018.03.30"]
[EventType "swiss"]
[EventRounds "5"]
[EventCountry "ENG"]
[SourceTitle "BritBase"]
[Source "John Saunders"]
[SourceDate "2024.12.03"]
[SourceVersion "1"]
[SourceVersionDate "2024.12.03"]
[SourceQuality "1"]

1. e4 e5 2. Nf3 Nc6 3. Bb5 a6 4. Ba4 b5 5. Bb3 Na5 6. O-O Nxb3 7. axb3 d6 8. d4 f6 9. Nh4 g6 10. f4 Bb7 11. Nc3 Bg7 12. Nf3 exf4 13. Bxf4 Ne7 14. Qd2 O-O 15. Bh6 b4 16. Ne2 Bxh6 17. Qxh6 Bxe4 18. Qd2 a5 19. Nf4 Qd7 20. Qe2 Bf5 21. d5 Rfe8 22. Qc4 Nc8 23. Rfe1 Rxe1+ 24. Rxe1 Nb6 25. Qd4 Qf7 26. c4 Nd7 27. Qe3 Nc5 28. Nd4 Bd7 29. Nfe6 Re8 30. h3 c6 31. Kh1 cxd5 32. cxd5 a4 33. bxa4 Bxa4 34. b3 Bd7 35. Qg3 Bxe6 36. Qxd6 Bxh3 37. Rxe8+ Qxe8 38. Qxc5 Qe1+ 39. Kh2 Bd7 40. d6 Qe5+ 41. Qxe5 fxe5 42. Nf3 Kf7 43. Nxe5+ Ke6 44. Nd3 Kxd6 45. Nxb4 Be6 46. Kg3 Bxb3 47. Kf4 h6 48. Nd3 Bc2 49. Nf2 Ke6 50. g3 Bb3 51. Ke4 Kf6 52. Kf4 g5+ 53. Ke3 Kf5 54. Kd4 Bf7 55. Ke3 Bh5 56. Kd4 Bf3 57. Ke3 Bg2 58. Kd4 h5 59. Ke3 Bd5 60. Ke2 Bc6 61. Kf1 Bd7 62. Kg2 Ke5 63. Kf3 Bc6+ 64. Ke3 Bg2 65. Nd3+ Kf5 66. Nf2 Kf6 67. Nd3 Ke6 68. Nf2 Kf5 69. Ke2 h4 70. gxh4 gxh4 71. Nd3 Kg4 72. Kf2 Be4 73. Ke2 h3 {White lost on time.} 0-1

[Event "Bolton Easter Open"]
[Site "Bolton"]
[Date "2018.04.01"]
[Round "5.5"]
[White "Hopkins, Kit H"]
[Black "Reed, John"]
[Result "1/2-1/2"]
[WhiteElo "1990"]
[BlackElo "1891"]
[Annotator "Ian"]
[PlyCount "33"]
[EventDate "2018.03.30"]
[EventType "swiss"]
[EventRounds "5"]
[EventCountry "ENG"]
[SourceTitle "BritBase"]
[Source "John Saunders"]
[SourceDate "2024.12.03"]
[SourceVersion "1"]
[SourceVersionDate "2024.12.03"]
[SourceQuality "1"]

1. c4 e5 2. Nc3 Nc6 3. Nf3 f5 4. d4 e4 5. Ng5 Bb4 6. Nh3 Bxc3+ 7. bxc3 Nf6 8. e3 O-O 9. Be2 d6 10. a4 Na5 11. Ba3 b6 12. Bb4 Nb7 13. c5 dxc5 14. dxc5 Qxd1+ 15. Rxd1 bxc5 16. Ba3 Be6 17. Rb1 1/2-1/2

[Event "Bolton Easter Open"]
[Site "Bolton"]
[Date "2018.04.01"]
[Round "5.6"]
[White "Webster, Richard J"]
[Black "Celinski, Kamil"]
[Result "0-1"]
[WhiteElo "1935"]
[BlackElo "1861"]
[Annotator "Ian"]
[PlyCount "40"]
[EventDate "2018.03.30"]
[EventType "swiss"]
[EventRounds "5"]
[EventCountry "ENG"]
[SourceTitle "BritBase"]
[Source "John Saunders"]
[SourceDate "2024.12.03"]
[SourceVersion "1"]
[SourceVersionDate "2024.12.03"]
[SourceQuality "1"]

1. d4 Nf6 2. c4 g6 3. Nc3 d5 4. cxd5 Nxd5 5. e4 Nxc3 6. bxc3 Bg7 7. Bc4 c5 8. Ne2 Nc6 9. Be3 O-O 10. O-O Bg4 11. f3 Bd7 12. Rb1 cxd4 13. cxd4 Qc7 14. Qc1 Rac8 15. Bf4 Qd8 16. Rxb7 Nxd4 17. Bc7 Qe8 18. Qd2 Bc6 19. Rfb1 Bxb7 20. Rxb7 Qc6 0-1

[Event "Bolton Easter Open"]
[Site "Bolton"]
[Date "2018.04.01"]
[Round "5.7"]
[White "Doran, Chris"]
[Black "Owen, Dennis P"]
[Result "1-0"]
[WhiteElo "1954"]
[BlackElo "1985"]
[Annotator "Ian"]
[PlyCount "85"]
[EventDate "2018.03.30"]
[EventType "swiss"]
[EventRounds "5"]
[EventCountry "ENG"]
[SourceTitle "BritBase"]
[Source "John Saunders"]
[SourceDate "2024.12.03"]
[SourceVersion "1"]
[SourceVersionDate "2024.12.03"]
[SourceQuality "1"]

1. e4 e5 2. Nf3 Nf6 3. Nxe5 d6 4. Nf3 Nxe4 5. d4 d5 6. Bd3 Be7 7. O-O O-O 8. c4 c6 9. Nc3 Nxc3 10. bxc3 dxc4 11. Bxc4 Bg4 12. h3 Bh5 13. g4 Bg6 14. Ne5 Nd7 15. Nxg6 hxg6 16. Qf3 Nb6 17. Bb3 Bd6 18. Re1 Qd7 19. c4 Bc7 20. Bb2 Rfe8 21. d5 c5 22. Qc3 f6 23. Qf3 Bd6 24. Qd3 Rxe1+ 25. Rxe1 Re8 26. Re4 Rxe4 27. Qxe4 Qf7 28. Qf3 Nd7 29. Bc2 Nf8 30. Kg2 b6 31. h4 Qd7 32. h5 gxh5 33. gxh5 Qf7 34. Bf5 Kh8 35. Qg4 Kg8 36. Be6 Nxe6 37. dxe6 Qe7 38. Qf5 Qb7+ 39. f3 Qc7 40. h6 gxh6 41. Bxf6 Bf8 42. Qg6+ Bg7 43. e7 1-0

[Event "Bolton Easter Open"]
[Site "Bolton"]
[Date "2018.04.01"]
[Round "5.8"]
[White "Newton, Robert"]
[Black "Hamilton, Selwyn L"]
[Result "1-0"]
[WhiteElo "1962"]
[BlackElo "1668"]
[Annotator "Ian"]
[PlyCount "75"]
[EventDate "2018.03.30"]
[EventType "swiss"]
[EventRounds "5"]
[EventCountry "ENG"]
[SourceTitle "BritBase"]
[Source "John Saunders"]
[SourceDate "2024.12.03"]
[SourceVersion "1"]
[SourceVersionDate "2024.12.03"]
[SourceQuality "1"]

1. d4 d5 2. c4 e6 3. Nf3 Nf6 4. Nc3 c5 5. e3 Nc6 6. a3 a6 7. dxc5 Bxc5 8. b4 Ba7 9. Bb2 dxc4 10. Bxc4 Qxd1+ 11. Rxd1 Ke7 12. O-O Rd8 13. b5 Na5 14. Be2 axb5 15. Nxb5 Bb8 16. Ne5 Bxe5 17. Bxe5 Ra6 18. Rxd8 Kxd8 19. Rd1+ Bd7 20. Nd6 Rb6 21. Nxf7+ Ke7 22. Ng5 h6 23. Nf3 Bc6 24. Bd6+ Ke8 25. Bb4 Bxf3 26. Bxf3 Nc4 27. Be2 Ne5 28. f4 Ned7 29. Bf3 e5 30. g4 exf4 31. exf4 Nb8 32. g5 hxg5 33. fxg5 Nfd7 34. Re1+ Kf7 35. h4 Rb5 36. Bh5+ Kg8 37. Re8+ Kh7 38. g6+ 1-0

[Event "Bolton Easter Open"]
[Site "Bolton"]
[Date "2018.04.01"]
[Round "5.9"]
[White "Hilton, Tim"]
[Black "Boswell, Jacob Connor"]
[Result "0-1"]
[WhiteElo "1876"]
[BlackElo "1903"]
[Annotator "Ian"]
[PlyCount "50"]
[EventDate "2018.03.30"]
[EventType "swiss"]
[EventRounds "5"]
[EventCountry "ENG"]
[SourceTitle "BritBase"]
[Source "John Saunders"]
[SourceDate "2024.12.03"]
[SourceVersion "1"]
[SourceVersionDate "2024.12.03"]
[SourceQuality "1"]

1. c4 e5 2. Nc3 f5 3. d4 e4 4. g3 Nf6 5. Bg2 c6 6. Nh3 Na6 7. d5 cxd5 8. cxd5 d6 9. O-O Be7 10. f3 exf3 11. exf3 Qb6+ 12. Kh1 O-O 13. Nf4 Nc7 14. b3 Qa5 15. Bb2 b5 16. Re1 Re8 17. a3 Bb7 18. Bh3 g6 19. Qd2 Qb6 20. g4 g5 21. gxf5 gxf4 22. Rxe7 Rxe7 23. Qxf4 Rf7 24. Qg3+ Rg7 25. Qe1 Re8 0-1

[Event "Bolton Easter Open"]
[Site "Bolton"]
[Date "2018.04.01"]
[Round "5.10"]
[White "Taylor, Mark V"]
[Black "Kobryn, Peter J"]
[Result "1-0"]
[WhiteElo "1776"]
[BlackElo "1969"]
[Annotator "Ian "]
[PlyCount "63"]
[EventDate "2018.03.30"]
[EventType "swiss"]
[EventRounds "5"]
[EventCountry "ENG"]
[SourceTitle "BritBase"]
[Source "John Saunders"]
[SourceDate "2024.12.03"]
[SourceVersion "1"]
[SourceVersionDate "2024.12.03"]
[SourceQuality "1"]

1. e4 c5 2. Nf3 d6 3. d4 cxd4 4. Nxd4 Nf6 5. Nc3 a6 6. Bg5 Nbd7 7. f4 e6 8. Qf3 Qc7 9. O-O-O h6 10. Bh4 b5 11. Bd3 Bb7 12. Rhe1 Nc5 13. Bxf6 gxf6 14. Kb1 b4 15. Nd5 Bxd5 16. exd5 Nxd3 17. dxe6 Rc8 18. Qxd3 Be7 19. exf7+ Kxf7 20. Nf5 Bf8 21. Qd5+ Kg6 22. Nd4 Qc5 23. Qe4+ Kf7 24. Qe6+ Kg6 25. Re3 Bg7 26. Rg3+ Kh7 27. Qf7 Rhg8 28. Qg6+ Kh8 29. Ne6 Qa7 30. Rh3 a5 31. Nxg7 Rxg7 32. Qxh6+ 1-0